000 01036cam a22003012 4500
001 358
003 UkOxU
005 20211208233150.0
008 131117r19631931ii b 001 0 eng u
035 _a(BD-RjUL)375
040 _aOCL
_cYNG
_dOCL
_dEQO
_dBD-RjUL
_beng
041 _aeng
082 0 4 _221
_a020
_bRAF 1963
100 1 _aRanganathan, S. R.
_q(Shiyali Ramamrita),
_d1892-1972.
_91121
245 1 4 _aThe five laws of library science /
_cS. R. Ranganathan.
250 _a2nd ed.
260 _aMadras :
_bThe Madras Library Association ;
_aLondon :
_bE. Goldston,
_c1963.
300 _a449 p. ;
_c22 cm.
490 1 _aRaqnganathan series in library science, No.12 ;
_v2
500 _a"Madras library association [Constitution and list of publications]": vi p.
504 _aIncludes bibliographal references and indexs.
526 _bLibrary Science.
650 0 _aLibrary science.
_91143
830 0 _v2
_9168643
830 0 _aPublication series (Madras Library Association) ;
_9168644
942 _2ddc
_cBK
999 _c358
_d358